000 02001cam a22005414i 4500
003 PE-LiUPU
005 20250731173116.0
008 150617s1980 sp r 001 0 spa d
035 _a(Sirsi) a252234
040 _aPE-LiUPU
_bspa
_cPE-LiUPU
_erda
049 _aPRUA
082 0 4 _a236
_bP83
_221
100 1 _aPozo, Candido,
_eautor.
245 1 0 _aTeología del más Allá /
_cCandido Pozo.
264 1 _aMadrid :
_bLa Editorial Católica,
_c1980.
300 _a261 páginas ;
_c20 centímetros.
336 _atext
_2rdacontent
337 _aunmediated
_2rdamedia
338 _avolume
_2rdacarrier
490 0 _aBiblioteca de autores cristianos ;
_v282
504 _aÍndi222
505 0 _acuestiones preliminares -- la escatología final -- la escatologia intermedia.
526 _aSEG42
526 _aSEG41
526 _aSEG40
526 _aSEG39
526 _aP94
526 _aP87
526 _aP86
526 _aP85
526 _aP77
526 _aP76
526 _aP35
650 0 4 _aEscatología.
_95923
650 0 4 _aSegundo advenimiento.
650 0 4 _aVida futura.
910 _ajck
_bjvq
_cjck
_d20150616
910 _bksl
_cksl
_d20190607
942 _2ddc
_cBOOK
949 _a236 P83
_wDEWEY
_c2
_i19251
_d2016-10-4
_e2016-10-3
_lCCODEBUL1
_mBUL
_n1
_r0
_sY
_tBOOK
_u2015-4-21
_xTEOLOGIA
_PP35
_0COMPRA
_o.STAFF. Colección Teología
949 _a236.8 P83
_wDEWEY
_c4
_i11593
_lCCODEBUL1
_mBUL
_r0
_sY
_tBOOK
_u2015-6-17
_xTEOLOGIA
_PP35
_0COMPRA
_o.STAFF. Colección Teología
994 _aC0
_bPEPRU
596 _a1
999 _a236 P83
_wDEWEY
_c31476
_i11593
_f2021-11-10
_g3
_lCCODEBUL1
_mBUL
_p39.43
_r0
_sY
_tBOOK
_u2019-6-6
_xTEOLOGIA
_PP35
_0COMPRA
_o.STAFF. Colección Teología
_d31476
999 _a236 P83
_wDEWEY
_c2
_i19251
_f2021-11-10
_g3
_lCCODEBUL1
_mBUL
_p39.43
_r0
_sY
_tBOOK
_u2019-6-7
_xTEOLOGIA
_PP35
_o.STAFF. Colección Teología
980 _81
_gALBERTO SANCHEZ Responsable de Automatización